01448nam a2200277 a 450000100100000000500170001000800410002702000180006804000250008608200200011110000560013124500510018726000630023830000210030150000710032259000260039365000280041965000310044791000380047895201320051695201320064895201320078095201180091295201230103099900170115300001713420240412074245.0100318t2010 dr r 000 p spa d a9789945404241 aDO-SdBNPbspacBNPHU aRD861.44bM843v1 aJiménez Grullón, Juan Isidro,d1903-198393113410aVida y poesía /cJuan Isidro Moreno Espinal. aSanto Domingo :bSecretaría de Estado de Cultura,c2010. a372 p. ;c23 cm. aIncluye datos biográficos del autor en la solapa de la cubierta. aInventariado, 2018/BT 0aPoesía dominicana966 0aLiteratura dominicana.967 aValidado. Control de calidad. EMS 001054708DSaGRbGRcHDd2010-03-18iLF1l0oRD861.44 M843vp17134-30r2020-06-25te.3w2020-06-25yLFDSZPréstamo en sala 001054708DSaGRbGRcHDd2011-04-11iLF1l0oRD861.44 M843vp17134-40r2020-06-25te.4w2020-06-25yLFDSZPréstamo en sala 001054708DSaGRbGRcHDd2011-04-14iLF1l0oRD861.44 M843vp17134-50r2020-06-25te.5w2020-06-25yLFDSZPréstamo en sala 0010718PDaPDbPDcHDd2010-03-18iLF1l0oRD861.44 M843vp17134-10r2020-06-25w2020-06-25yLFPDZNo se presta 0010718PDaPDbPDcHDd2010-03-18iLF1l0oRD861.44 M843vp17134-20r2020-06-25te.2w2020-06-25yLFPDZNo se presta c16660d16660